MARC details
| 000 -LEADER |
| fixed length control field |
02297nam a2200253 a 4500 |
| 001 - CONTROL NUMBER |
| control field |
001075017 |
| 003 - CONTROL NUMBER IDENTIFIER |
| control field |
AM-YeHGA |
| 005 - DATE AND TIME OF LATEST TRANSACTION |
| control field |
20250617161019.0 |
| 008 - FIXED-LENGTH DATA ELEMENTS--GENERAL INFORMATION |
| fixed length control field |
150422m18891915ru r 000 0 rus d |
| 040 ## - CATALOGING SOURCE |
| Original cataloging agency |
AM-YeHGA |
| 041 0# - LANGUAGE CODE |
| Language code of text/sound track or separate title |
rus |
| 090 ## - LOCALLY ASSIGNED LC-TYPE CALL NUMBER (OCLC); LOCAL CALL NUMBER (RLIN) |
| -- |
467262 |
| 110 2# - MAIN ENTRY--CORPORATE NAME |
| Corporate name or jurisdiction name as entry element |
Московское археологическое общество. |
| Subordinate unit |
Восточная комиссия |
| 245 10 - TITLE STATEMENT |
| Title |
Древности восточные : |
| Remainder of title |
Труды Восточной комиссии императорского Московского археологического общества / |
| Statement of responsibility, etc. |
Изд. под ред. М.В. Никольского, действ. чл. Общ. и секретаря Вост. комиссии. |
| 260 ## - PUBLICATION, DISTRIBUTION, ETC. |
| Place of publication, distribution, etc. |
Москва : |
| Name of publisher, distributor, etc. |
Тип. и словолитня О.О. Гербека, |
| Date of publication, distribution, etc. |
1889-. |
| 300 ## - PHYSICAL DESCRIPTION |
| Extent |
том ; |
| Dimensions |
31 см. |
| 505 10 - FORMATTED CONTENTS NOTE |
| Miscellaneous information |
Т. 1. Вып. 1 (1889, [205] с. разд. паг., 10 л. ил.: ил.) : |
| Title |
С 8 табл. фототипий, 1 автографией и рис. в тексте |
| Miscellaneous information |
Т. 1. Вып. 2 (1891, [2], 129-281 с., 3 л. ил.: ил. ) : |
| Title |
С табл. и 20 рис. в тексте |
| Miscellaneous information |
Т. 1. Вып. 3 (1893, [2], 281-483 с., 3 л. ил.: ил. ) : |
| -- |
Т. 1. Вып. 1-2-3 (1889-91-93 гг, 130 с., 130-281 с.; 281-483 с.) |
| -- |
Том 2. Вып. 1 (1896, 131 с. 3 табл, рис.) : |
| -- |
Том 2. Вып. 2 (1901, 198 с. 3 табл, рис.) : |
| Title |
С табл. и рис. |
| Miscellaneous information |
Т. 2, Вып. 3 (1903, 244 с., ил.) : |
| Title |
С 19-ю рис. в тексте |
| Miscellaneous information |
Т. 3. Вып. 1 (1907, разд. паг.) : С 6-ю сниками в тексте |
| -- |
Т. 3. Вып. 2, С. Петербург (1908, 106, 104 с., 9 л. табл.) |
| Title |
С 104 табл. автограф. текстов (586 цинкографий) и с 9 фототипич. табл. |
| Miscellaneous information |
Т. 4 (1913, разд. паг.) : С 30 рис. в тексте |
| -- |
Т. 5 (1915, разд. паг.) : |
| Title |
С 108 табл. автограф. текстов (1054 цинкографий) и с 3 фототипич. табл. |
| 650 14 - SUBJECT ADDED ENTRY--TOPICAL TERM |
| Topical term or geographic name entry element |
Письменность |
| 650 14 - SUBJECT ADDED ENTRY--TOPICAL TERM |
| Topical term or geographic name entry element |
Эпиграфика Востока |
| 650 14 - SUBJECT ADDED ENTRY--TOPICAL TERM |
| Topical term or geographic name entry element |
Памятники древней письменности |
| 653 0# - INDEX TERM--UNCONTROLLED |
| Uncontrolled term |
Знаковая система |
| 700 1# - ADDED ENTRY--PERSONAL NAME |
| Personal name |
Никольский, М.С. |
| Relator term |
ред. |
| Relationship |
edt |
| 942 ## - ADDED ENTRY ELEMENTS (KOHA) |
| Source of classification or shelving scheme |
Universal Decimal Classification |
| Koha item type |
Գրքեր / Books |